Urban Infrastructure (Record no. 115064)

MARC details
000 -LEADER
fixed length control field 01120cam a22002295a 4500
001 - CONTROL NUMBER
control field L157997
008 - FIXED-LENGTH DATA ELEMENTS--GENERAL INFORMATION
fixed length control field 131002s2012 xxk f 000 0 eng d
020 ## - INTERNATIONAL STANDARD BOOK NUMBER
International Standard Book Number 9781118401651
035 ## - SYSTEM CONTROL NUMBER
System control number (Sirsi) u157997
041 0# - LANGUAGE CODE
Language code of text/sound track or separate title eng
100 1# - MAIN ENTRY--PERSONAL NAME
Personal name Wellman, Kath
245 00 - TITLE STATEMENT
Title Urban Infrastructure
Remainder of title Finance and Management
Medium [electronic resource]
260 ## - PUBLICATION, DISTRIBUTION, ETC.
Place of publication, distribution, etc. Chichester
Name of publisher, distributor, etc. Wiley-Blackwell
Date of publication, distribution, etc. 2012
300 ## - PHYSICAL DESCRIPTION
Extent ebook
520 ## - SUMMARY, ETC.
Summary, etc. Argues that the physical structure of cities and the standards of infrastructure services delivered are driven by efficiencies within individual infrastructure sectors and the ability to co-ordinate and integrate sectors to generate economies of scale. This requires an interdisciplinary approach, integrating knowledge from finance, governance, planning and management as well as the characteristics of the individual urban infrastructure sectors involved.
650 24 - SUBJECT ADDED ENTRY--TOPICAL TERM
Topical term or geographic name entry element EBOOK
651 #4 - SUBJECT ADDED ENTRY--GEOGRAPHIC NAME
Geographic name International
690 ## - LOCAL SUBJECT ADDED ENTRY--TOPICAL TERM (OCLC, RLIN)
Topical term or geographic name as entry element Infrastructure
9 (RLIN) 6246
700 1# - ADDED ENTRY--PERSONAL NAME
Personal name Spiller, Marcus
856 40 - ELECTRONIC LOCATION AND ACCESS
Uniform Resource Identifier <a href="https://www.vlebooks.com/">https://www.vlebooks.com/</a>
Public note View on VLEbooks. Logins for members only from [email protected]
942 ## - ADDED ENTRY ELEMENTS (KOHA)
Suppress in OPAC 0
Holdings
Withdrawn status Lost status Source of classification or shelving scheme Damaged status Not for loan Home library Current library Shelving location Date acquired Total Checkouts Full call number Barcode Date last seen Copy number Price effective from Koha item type
    Dewey Decimal Classification     Virtual Virtual Online 02/10/2013   ONLINE PUBLICATION 157997-2001 06/08/2019 1 06/08/2019 Book